000
00318nam a22001337a 4500
008
180209b xxu||||| |||| 00| 0 eng d
020
_a
0813007550
041
_a
eng
080
_a
941
100
_a
16
101
_a
HIS
245
_a
The Reconstruction of Spanish Golden Age Playhouse
_c
Allen, J.J
942
_2
udc
_c
BK
999
_c
42223
_d
42223